| 000 | 00987nam a2200265Ia 4500 | ||
|---|---|---|---|
| 003 | OSt | ||
| 005 | 20220923222503.0 | ||
| 006 | a|||||r|||| 00| 0 | ||
| 007 | ta | ||
| 008 | Pun | ||
| 024 | _a205,253 | ||
| 037 | _cTextual | ||
| 040 |
_aARTS _cARTS _bPun |
||
| 041 |
_2Pun _aPun |
||
| 082 | _aO153,1N05w, 152N1 | ||
| 100 |
_aनरेन्दरपाल सिंह; त्रिपाठी, प्रताप शंकर, अनु. _9166971 |
||
| 245 | 0 | _aमोहन सिंह | |
| 246 | _aMohan sianha | ||
| 260 |
_aनई दिल्ली _b साहित्य अकादमी _c1991 |
||
| 300 |
_a64पृ0 _ccm. |
||
| 490 | _aभारतीय साहित्य के निर्माता | ||
| 650 | _aपंजाबी निबंध | ||
| 942 |
_hO153,1N05w, 152N1 _cTEXL _2CC |
||
| 999 |
_c355978 _d355978 |
||